LEADER 01208nam a2200301 a 4500 001 000000125878 003 CaOOAMICUS 005 20110706095146.0 008 110706s1996 it u001 0 ita r 020 $a88-389-1254-8 040 $aPUL$bita 082 04$a306.9 100 1 $aRossi, Emilio,$d1923-2008.$0(OLS)http://pul/name/78710 245 14$aUna pendola per lo zar :$bla politica, il tempo, la morte /$cEmilio Rossi. 260 $aPalermo :$bSellerio,$cİ1996. 300 $a234 p. ;$c22 cm 490 1 $aLa diagonale ;$v91 504 $aBibliografia in nota. 650 14$aPolitica$xTeorie.$0(OLS)http://pul/subject/1854 830 3$aLa diagonale ;$v91.$0(OLS)http://pul/title/157329 850 $aPUL 852 $aPUL$W1$xSL Diritto e Scienze Sociali 3$y79$m306. 9 ROSEM 1$j144997$qDDC 21$B143998$CPULBib$Z2$F143998 $H117598 $82 941 1 $a9 996 $6020$a88-389-1254-8$9(OLS)http://pul/number/147633 996 $6082$a306.9$9(OLS)http://pul/classification/2080 996 $6245$aUna pendola per lo zar :$bla politica, il tempo, la morte$9(OLS)http://pul/title/158852 996 $6260$aPalermo :$bSellerio$9(OLS)http://pul/publisher/66919 LEADER 02101nam a2200409 a 4500 001 000000165649 003 CaOOAMICUS 005 20180213111028.0 008 180202m20129999it u000 u ita r 020 $a978-88-421-0963-1 (v. 2)* 020 $a978-88-421-0964-8 (v. 3)* 032 $aLibriCat 040 $aPUL$bita 082 04$a109 100 1 $aEsposito, Costantino,$d1955-$0(OLS)http://pul/name/34411 245 13$aLe avventure della ragione :$bautori e testi della filosofia /$cCostantino Esposito, Pasquale Porro. 260 $aRoma ;$aBari :$bLaterza,$cİ2012- 300 $av. ;$c26 cm. 500 $aInclude indici. 505 1 $aV. 2. Dall'Umanesimo all'Idealismo. -- v. 3. Dalla crisi dell'Idealismo ai giorni nostri. 650 4$aFilosofia$xStoria.$0(OLS)http://pul/subject/580 700 1 $aPorro, Pasquale.$0(OLS)http://pul/name/24399 740 02$aDall'Umanesimo all'Idealismo. 740 02$aDalla crisi dell'Idealismo ai giorni nostri. 850 $aPUL 852 $aPUL$W1$xSL Cons. Gen., Altre Classi 1$y1$m1391 A 14.1$j191489$bV.1$qStampati$B195357$CPULBib$Z2$F195357 $H130771 $81 852 $aPUL$W1$xSL Cons. Gen., Altre Classi 1$y1$m1391 A 14.2$j190134$bV.2$qStampati$B192991$CPULBib$Z2$F192991 $H130318 $81 852 $aPUL$W1$xSL Cons. Gen., Altre Classi 1$y1$m1391 A 14.3$j190379$bV.3$qStampati$B193278$CPULBib$Z2$F193278 $H130527 $81 941 1 $a8 996 $6020$a978-88-421-0963-1 (v. 2)*$9(OLS)http://pul/number/163341 996 $6020$a978-88-421-0964-8 (v. 3)*$9(OLS)http://pul/number/163484 996 $6082$a109$9(OLS)http://pul/classification/436 996 $6740$aDall'Umanesimo all'Idealismo$9(OLS)http://pul/title/205334 996 $6245$aLe avventure della ragione :$bautori e testi della filosofia$9(OLS)http://pul/title/205333 996 $6740$aDalla crisi dell'Idealismo ai giorni nostri$9(OLS)http://pul/title/205606 996 $6260$aRoma ;$aBari :$bLaterza$9(OLS)http://pul/publisher/57682 LEADER 01482nam a2200313 a 4500 001 000000141834 003 CaOOAMICUS 005 20150217124639.0 008 150217s1970 it u000 u ita r 040 $aPUL$bita 041 1 $aita$hlat 100 0 $aPlato,$d427-347 a.C.$0(OLS)http://pul/name/250 245 10$aDialoghi :$bEutifrone, Apologia di Socrate, Critone, Fedone, Assioco, Jone, Menone, Alcibiade, Convito, Parmenide, Timeo, Fedro /$cPlatone ; nella versione di Francesco Acri ; a cura di Carlo Carena ; con un saggio introduttivo di Piero Treves. 260 $aTorino :$bGiulio Einaudi,$cİ1970. 300 $aXLVI, 594 p. ;$c22 cm 490 1 $aMillenni 500 $aInclude indici. 504 $aBibliografia nelle note finali. 700 1 $aAcri, Francesco,$d1834-1913.$0(OLS)http://pul/name/24828 700 1 $aTreves, Piero.$0(OLS)http://pul/name/4117 700 1 $aCarena, Carlo,$d1925-2023.$0(OLS)http://pul/name/8837 830 2$aI millenni.$0(OLS)http://pul/title/40827 850 $aPUL 852 $aPUL$W1$xDP1 Fondo Capitani$y116$m9 B 39$j44810$qFondi$B163701$CPULBib$Z2$F163701 $HCap1080 $82 900 $aPlatone,$d427-347 a.C.$9250 941 1 $a1 996 $6245$aDialoghi :$bEutifrone, Apologia di Socrate, Critone, Fedone, Assioco, Jone, Menone, Alcibiade, Convito, Parmenide, Timeo, Fedro$9(OLS)http://pul/title/179512 996 $6260$aTorino :$bGiulio Einaudi$9(OLS)http://pul/publisher/54573